Handbook to the teniers tapestries (Record no. 4391)

MARC details
000 -CABECERA
campo de control de longitud fija 00720nam a2200229 a 4500
001 - NÚMERO DE CONTROL
campo de control BRCA_4691
005 - FECHA Y HORA DE LA ÚLTIMA TRANSACCIÓN
campo de control 20190320204752.0
008 - DATOS DE LONGITUD FIJA--INFORMACIÓN GENERAL
campo de control de longitud fija 011010s1932----enka######---#000-0#eng-#
041 ## - CÓDIGO DE LENGUA
Código de lengua del texto/banda sonora o título independiente eng
044 ## - CÓDIGO DEL PAÍS DE LA ENTIDAD EDITORA/PRODUCTORA
Código MARC del país enk
050 #4 - SIGNATURA TOPOGRÁFICA DE LA BIBLIOTECA DEL CONGRESO
Número de clasificación NK3007
Número de documento/Ítem .M37 1932
100 1# - ENTRADA PRINCIPAL--NOMBRE DE PERSONA
Nombre de persona Marillier, H. C.
9 (RLIN) 11903
245 10 - MENCIÓN DE TÍTULO
Título Handbook to the teniers tapestries
Mención de responsabilidad, etc. by H. C. Marillier.
260 ## - PUBLICACIÓN, DISTRIBUCIÓN, ETC.
Lugar de publicación, distribución, etc. Londres
Nombre del editor, distribuidor, etc. Oxford ; Humphrey Milford
Fecha de publicación, distribución, etc. 1932
300 ## - DESCRIPCIÓN FÍSICA
Extensión 114 p.
Otras características físicas il., 72 láminas
Dimensiones 22 cm.
500 ## - NOTA GENERAL
Nota general Incluye índice de ilustraciones y los nombres de los propietarios mencionados en el texto
500 ## - NOTA GENERAL
Nota general D64
600 14 - PUNTO DE ACCESO ADICIONAL DE MATERIA--NOMBRE DE PERSONA
Nombre de persona Teniers, David the younger
Fechas asociadas al nombre 1610-1690
9 (RLIN) 11904
650 14 - PUNTO DE ACCESO ADICIONAL DE MATERIA--TÉRMINO DE MATERIA
Término de materia o nombre geográfico como elemento de entrada Tapices
Subdivisión general Historia
9 (RLIN) 5686
902 ## - CATALOGADOR
Iniciales GFM
942 ## - ELEMENTOS DE PUNTO DE ACCESO ADICIONAL (KOHA)
Fuente del sistema de clasificación o colocación Library of Congress Classification
Tipo de ítem Koha Libros
Holdings
Estado de retiro Estado de pérdida Estado dañado No para préstamo Localización permanente Ubicación/localización actual Fecha de adquisición Número de inventario Total de préstamos Signatura topográfica completa Código de barras Fecha visto por última vez Precio válido a partir de Tipo de ítem Koha
El ejemplar forma parte de la colección y puede ser consultado según las políticas vigentes.       Biblioteca del Museo Franz Mayer (Rogerio Casas-Alatriste) Biblioteca del Museo Franz Mayer (Rogerio Casas-Alatriste) 01/10/2010 D64   NK3007 .M37 1932 (D64) 4702 22/03/2019 22/03/2019 Libros